| 000 | 00529nam a2200169 a 4500 | ||
|---|---|---|---|
| 005 | 20140412111238.0 | ||
| 008 | 001113s19uu xx 00 eng d | ||
| 020 | _a0-307-12840-7 | ||
| 050 |
_aER _bBa23 1996 |
||
| 100 | _aParker, Lisa Trusiani | ||
| 245 |
_aBarbie: Too many puppies / _cby Lisa Trusiani Parker ; illustrated by S. I. Artist. |
||
| 260 |
_aNew York : _bA Sesame Street/Golden Press Book, _c1997. |
||
| 300 | _a[23] p. ; ill. | ||
| 650 | _aPuppies -- Stories | ||
| 650 | _aPuppies -- Fiction | ||
| 999 |
_c102594 _d102594 |
||